UM Logo

Bookkeeping Literacy of Micro Business in Digos City: (Record no. 15259)

MARC details
000 -LEADER
fixed length control field 00647nam a22001697a 4500
008 - FIXED-LENGTH DATA ELEMENTS--GENERAL INFORMATION
fixed length control field 200312b ||||| |||| 00| 0 eng d
082 ## - DEWEY DECIMAL CLASSIFICATION NUMBER
Edition number 2020
Classification number UT 1472
Item number T83
100 ## - MAIN ENTRY--PERSONAL NAME
Personal name Tupiasan, Genalyn
9 (RLIN) 42072
245 ## - TITLE STATEMENT
Title Bookkeeping Literacy of Micro Business in Digos City:
Remainder of title Basis for Bookkeeping Literacy Orientation/
Statement of responsibility, etc. Genalyn Tupiasan, Melody M. Adot & Jhiesa F. Laput
260 ## - PUBLICATION, DISTRIBUTION, ETC. (IMPRINT)
Place of publication, distribution, etc. DIgos City
Name of publisher, distributor, etc. UMDC
Date of publication, distribution, etc. February 2020
300 ## - PHYSICAL DESCRIPTION
Extent 38
Dimensions 30cm
650 ## - SUBJECT ADDED ENTRY--TOPICAL TERM
Topical term or geographic name as entry element Accounting Education
Form subdivision Accounting
General subdivision Undergraduate Thesis
9 (RLIN) 42073
700 ## - ADDED ENTRY--PERSONAL NAME
Personal name Tupiasan, Genalyn
9 (RLIN) 42072
700 ## - ADDED ENTRY--PERSONAL NAME
Personal name Adot, Melody M.
9 (RLIN) 42074
700 ## - ADDED ENTRY--PERSONAL NAME
Personal name Laput, Jhiesa F.
9 (RLIN) 42075
942 ## - ADDED ENTRY ELEMENTS (KOHA)
Source of classification or shelving scheme Dewey Decimal Classification
Koha item type Undergraduate Thesis
Holdings
Withdrawn status Lost status Source of classification or shelving scheme Damaged status Not for loan Collection code Home library Current library Date acquired Total Checkouts Full call number Barcode Date last seen Price effective from Koha item type
    Dewey Decimal Classification     Undergraduate Theses UM Digos College - LIC UM Digos College - LIC 03/06/2020   UT 1472 T83 2020 UT 1472 03/12/2020 03/12/2020 Undergraduate Thesis